000 03021cam a22004334a 4500
999 _c63944
_d63944
001 14389695
003 CO-MdFUSB
005 20180821113349.0
008 060525t2006 mau f b 001 0 eng
010 _a 2006043675
020 _a0674023390 (pbk.)
020 _a9780674023390 (pbk.)
040 _aDLC
_cCO-MdFUSB
_dCO-MdFUSB
_bspa
_erda
041 _aeng
042 _apcc
082 0 0 _224
_aG 231.7652
_bN971c
100 1 _aNumbers, Ronald L.
_eautor
245 1 4 _aThe creationists
_b: from scientific creationism to intelligent design
_c/ Ronald L. Numbers
250 _aExpanded ed., 1st Harvard University Press pbk. ed.
264 1 _aCambridge, Mass. :
_bHarvard University Press,
_c℗2006
264 4 _c©2006
300 _aviii, 606 páginas, [16] p. of plates :
_bilustraciones ;
_c24 cm.
336 _2rdacontent
337 _2rdamedia
338 _2rdacarrier
501 _aIncluye indices (p. 578- 606)
505 0 _aCreationism in the age of Darwin -- George Frederick Wright : from Christian Darwinist to fundamentalist -- Creationism in the fundamentalist controversy -- Scientific creationists in the age of Bryan -- George McCready Price and the new catastrophism -- The Religion and Science Association -- The Deluge Geology Society -- Evangelicals and evolution in Great Britain -- Evangelicals and evolution in North America -- John C. Whitcomb, Jr., Henry M. Morris, and The Genesis flood -- The Creation Research Society -- Creation science and scientific creationism -- Deception and discrimination -- Creation research institutes -- Creationism in the churches -- the appeal of creationism at home and abroad -- Intelligent design -- Creationism goes global.
505 0 _aEl creacionismo en la era de Darwin -- George Frederick Wright: del Darwinismo cristiano al fundamentalista -- El creacionismo en la controversia fundamentalista -- Los creacionistas científicos en la era de Bryan -- George McCready Price y el nuevo catastrofismo -- La Asociación Religión y Ciencia -- La sociedad de la geología del diluvio -- Evangelicals y evolución en Gran Bretaña -- Evangelicals y evolución en Norteamérica -- Juan C. Whitcomb, Jr., Henry M. Morris, y la inundación del génesis -- la sociedad de la investigación de la creación -- Ciencia de la creación Y el creacionismo científico -- Engaño y discriminación -- Institutos de investigación de la creación -- Creacionismo en las iglesias -- El atractivo del creacionismo en casa y en el extranjero -- Diseño inteligente -- El creacionismo se vuelve global.
650 7 _aCreacionismo
_9252
650 7 _aReligión y ciencia
_9259
906 _a7
_bcbc
_corignew
_d1
_eocip
_f20
_gy-gencatlg
942 _cBK